| 000 | 00644nam a2200205 a 4500 | ||
|---|---|---|---|
| 005 | 20240924064016.0 | ||
| 008 | 030311s1999 es r 000 0 spa d | ||
| 020 | _a8478981594 | ||
| 035 | _aUPN01000122759 | ||
| 049 | _aCG | ||
| 050 | 4 |
_aLB1028 _bM6.3 |
|
| 245 | 0 | 0 |
_aModelos de análisis de la investigación educativa / _cLeonor Buendía ... [et al.]. |
| 260 |
_aSevilla, Esp. : _bAlfar, _c1999. |
||
| 300 | _a218 p. | ||
| 440 | 0 |
_aCiencias de la educación ; _v15. _pDidáctica |
|
| 650 | 4 |
_aEducación _xInvestigación _94070 |
|
| 650 | 4 |
_aEDUCACION - _vMODELOS MATEMATICOS _917577 |
|
| 700 | 1 |
_aBuendía, Leonor, _ecoaut. |
|
| 905 | _aLibro | ||
| 999 |
_c94942 _d94942 |
||